00419nam a2200133Ia 4500008004100000082001500041100003000056245008900086260003900175300001000214520001100224650002800235700002200263230907s9999||||xx |||||||||||||| ||und|| a620.1bMUN aMuniba Ayub (00000275109) 0aComparative study of Ruthenium complexes with organic sensitizer in ZnO based DSSC / aUSPCAS-E, NUST,bIslamabad :c2022 a72 p. aTH-434 aMS-ESE Thesis MS Thesis aDr. Nadia Shahzad